Strength of materials / (Record no. 68015)
[ view plain ]
| 000 -LEADER | |
|---|---|
| fixed length control field | 00756nam a2200253 a 4500 |
| 001 - CONTROL NUMBER | |
| control field | 68015 |
| 003 - CONTROL NUMBER IDENTIFIER | |
| rucl marc code | BD-RjUL |
| 005 - DATE AND TIME OF LATEST TRANSACTION | |
| control field | 20211209081725.0 |
| 008 - FIXED-LENGTH DATA ELEMENTS--GENERAL INFORMATION | |
| fixed length control field | 170329b19651964enka|||| |||| 001 0 eng d |
| 035 ## - SYSTEM CONTROL NUMBER | |
| System control number | (BD-RjUL)68224 |
| 040 ## - CATALOGING SOURCE | |
| Original cataloging agency | BD-RjUL |
| Language of cataloging | eng |
| Transcribing agency | BD-RjUL |
| Modifying agency | BD-RjUL |
| 041 ## - LANGUAGE CODE | |
| Language code of text/sound track or separate title | eng |
| 082 ## - DEWEY DECIMAL CLASSIFICATION NUMBER | |
| Edition number | 23 |
| Classification number | 620.11 |
| Author mark and year | LOS 1965 |
| 100 ## - MAIN ENTRY--PERSONAL NAME | |
| Personal name | Low, Bevis Brunel |
| 9 (RLIN) | 201596 |
| 245 ## - TITLE STATEMENT | |
| Title | Strength of materials / |
| Statement of responsibility, etc. | Bevis Brunel Low |
| 250 ## - EDITION STATEMENT | |
| Edition statement | 2nd ed. |
| 260 ## - PUBLICATION, DISTRIBUTION, ETC. (IMPRINT) | |
| Place of publication, distribution, etc. | London : |
| Name of publisher, distributor, etc. | Longmans, |
| Date of publication, distribution, etc. | 1965 [Impression 1964]. |
| 300 ## - PHYSICAL DESCRIPTION | |
| Pagination | vii, 320 p. : |
| Illustrations | ill. ; |
| Size | 18 cm. |
| 490 ## - SERIES STATEMENT | |
| Series statement | The English Language Book Society |
| 500 ## - GENERAL NOTE | |
| General note | Include Index. |
| 650 ## - SUBJECT ADDED ENTRY--TOPICAL TERM | |
| Topical term or geographic name as entry element | Engineering of materials. |
| 9 (RLIN) | 201597 |
| 830 ## - SERIES ADDED ENTRY--UNIFORM TITLE | |
| Uniform title | The English Language Book Society |
| 942 ## - ADDED ENTRY ELEMENTS (KOHA) | |
| Source of classification or shelving scheme | Dewey Decimal Classification |
| Koha item type | Books |
| Lost status | Source of classification or shelving scheme | Damaged status | Not for loan | Collection code | Permanent Location | Current Location | Shelving location | Date acquired | Source of acquisition | Cost, normal purchase price | Total Checkouts | Full call number | Date last seen | Copy number | Koha item type |
|---|---|---|---|---|---|---|---|---|---|---|---|---|---|---|---|
| Dewey Decimal Classification | Not For Loan | Non-fiction | Central Library, University of Rajshahi | Central Library, University of Rajshahi | Reading Room | 09/12/2021 | Continental Pub. | 10.60 | 620.11 LOS 1965 | 29/03/2017 | C-1 | Books | |||
| Dewey Decimal Classification | Not For Loan | Non-fiction | Central Library, University of Rajshahi | Central Library, University of Rajshahi | 13/04/1974 | Continental Pub. | 10.60 | 620.11 LOS 1965 | 04/12/2018 | C-2 | Books |